00753nam a2200229 a 450000100060000000300090000600800410001502000180005604000280007408200190010210000220012124500690014324600560021226000390026830000110030749000640031865000260038265000370040865000230044565000270046865000280049523531CO-ViMGA141112s2004 ck r 000 u spa d a9789587530162 aCO-ViMGAbspacCO-ViMGA04aCo861.6 Ch441e1 aChikangana, Fredy10aEspiritu de pájaro en pozos del ensueño / cFredy Chikangana aSamay pisccok pponccopi muschcoypa / Wiñay Mallki aColombia : bMinisterio de Cultura a120 p. aBiblioteca básica de los pueblos indigenas de Colombia; 714aIndigenas - Colombia 14aPoesía colombiana - Siglo XXI 14aPoesía indigena 14aPueblo Nasa - Poesía14aYanaconas - Literatura